Disney Dreamlight Valley: Les Personnages disponibles - Statistiques

Statistiques générales
  • Ce quiz a été pris 167 fois
    150 depuis la dernière actualisation
  • Le résultat moyen est 28 sur 33
Statistiques - réponses
Royaume Personnage % Correct
Mickey
100%
Mickey et ses amis Dingo
99%
Minnie
98%
Merlin l'Enchanteur Merlin
97%
Donald
97%
Wall-e
96%
La Petite Sirène Ariel
95%
Raiponce
95%
Simba
95%
Vaiana
95%
La Reine des Neiges Anna
94%
Elsa
94%
Lilo et Stitch Stitch
94%
La Belle et la Bête Belle
93%
Woody
92%
La Bête
91%
Le Roi Lion Nala
90%
Olaf
90%
Ratatouille Rémy
90%
Scar
90%
Ursula
90%
Toy Story Buzz l'Eclair
87%
Eric
86%
Vaiana Maui
84%
Wall-E Eve
83%
Kristoff
83%
Les Mondes de Ralph Vaneloppe
81%
Encanto Mirabel
79%
Raiponce Mère Gothel
68%
Gaston
63%
Picsou
62%
L'Etrange Noël de Mr Jack Jack Skellington
42%
Cendrillon Marraine La Fée
37%
Aucun quiz correspondant
Distribution des résultats
% des personnes avec chaque résultat
Percentile par nombre de réponses
Votre historique - résultats
Vous n’avez pas pris ce quiz depuis la dernière actualisation